Cuadernos de Antropología /
Wedi'i Gadw mewn:
| Awdur Corfforaethol: | |
|---|---|
| Fformat: | Llyfr |
| Iaith: | Spanish |
| Cyhoeddwyd: |
San José, Costa Rica:
Universidad de Costa Rica. Departamento de Antropología. Laboratorio de Etnología,
1982-
|
| Pynciau: | |
| Tagiau: |
Ychwanegu Tag
Dim Tagiau, Byddwch y cyntaf i dagio'r cofnod hwn!
|
MARC
| LEADER | 00000nam a22000007a 4500 | ||
|---|---|---|---|
| 003 | cru CIDCACS/IIS | ||
| 005 | 20240111105859.0 | ||
| 008 | 200415s1982 cr |||p|r||||||0| ||spa|d | ||
| 040 | |c cru CIDCACS/IIS | ||
| 090 | |a REV0224 | ||
| 110 | 1 | |9 9227 |a Universidad de Costa Rica. |b Departamento de Antropología. Laboratorio de Etnología | |
| 245 | 1 | |a Cuadernos de Antropología / |c Universidad de Costa Rica. Departamento de Antropología. Laboratorio de Etnología | |
| 260 | |a San José, Costa Rica: |b Universidad de Costa Rica. Departamento de Antropología. Laboratorio de Etnología, |c 1982- | ||
| 270 | |a UCR, Facultad de Ciencias Sociales, primer piso, Laboratorio de Etnología "María Eugenia Bózzoli V." |d Costa Rica |b San Pedro de Mostes de Oca |c San José |m labetno@fcs.ucr.ac.cr | ||
| 500 | |a EXISTENCIAS:1985 (4) 1986 (5) 1987 (6) 1988 (7) 1999 (10) 2000 (11) 2002 (12) 2003 (13) 2005 (15) Anual | ||
| 500 | |a Colección Centroamérica | ||
| 650 | 4 | |9 4350 |a ANTROPOLOGIA | |
| 650 | 0 | |9 2541 |a EDUCACION DE ADULTOS | |
| 650 | 4 | |9 3737 |a POBLACION INDIGENA | |
| 650 | 7 | |9 9228 |a HISTORIA COLONIAL | |
| 650 | 7 | |9 9229 |a MITOLOGIA | |
| 942 | |2 ddc |c PP | ||
| 999 | |c 43068 |d 43068 | ||
